| 000 | 00886nam a2200265 a 4500 | ||
|---|---|---|---|
| 001 | |||
| 003 | |||
| 005 | 20210511112152.0 | ||
| 008 | 111006s2019 dr 000 0 spa d | ||
| 020 | _a9789945503548 | ||
| 040 |
_aBPMSU _bspa _cBPMSU |
||
| 082 |
_aRD863.3 _bB598b _222 |
||
| 100 | 1 |
_aBillini, Francisco Gregorio, _d1988-1898 |
|
| 245 | 1 | 0 |
_aBaní o Engracia y Antoñita. / _cFrancisco Gregorio Billini ; prólogo Olivier Batista Lemaire. |
| 260 |
_aSanto Domingo : _b Editora Nacional ; _bMinisterio de Cultura, _c2019 |
||
| 300 |
_a357 p. ; _c20 cm. |
||
| 490 | 0 | _aBiblioteca dominicana básica | |
| 500 | _3Incluye datos biográficos del autor en la solapa de la cubierta | ||
| 590 | _6Inventariado, 2021/VM | ||
| 650 | 4 | _aNovela dominicana | |
| 650 | 4 | _aLiteratura dominicana | |
| 700 | 1 |
_aBatista Lemaire.Olivier _epról. |
|
| 910 | _aVMateo | ||
| 942 |
_2ddc _cBK |
||
| 999 |
_c13476 _d13476 |
||